धरती के लाल गोपाल कृष्ण गोखले (Record no. 63095)
[ view plain ]
| 000 -LEADER | |
|---|---|
| fixed length control field | 00416nam a22000977a 4500 |
| 100 ## - MAIN ENTRY--AUTHOR NAME | |
| Personal name | साहनी,परमानन्द |
| 245 ## - TITLE STATEMENT | |
| Title | धरती के लाल गोपाल कृष्ण गोखले |
| 260 ## - PUBLICATION, DISTRIBUTION, ETC. (IMPRINT) | |
| Place of publication | यूपी |
| Name of publisher | सुरेन्द्र सिंह एण्ड कम्पनी |
| Year of publication | 2019 |
| 650 ## - SUBJECT ADDED ENTRY--TOPICAL TERM | |
| Topical Term | चिल्ड्रन बुक |
| 942 ## - ADDED ENTRY ELEMENTS (KOHA) | |
| Koha item type | Hindi Books |
| Withdrawn status | Lost status | Damaged status | Not for loan | Home library | Current library | Date acquired | Cost, normal purchase price | Full call number | Accession Number | Price effective from | Koha item type |
|---|---|---|---|---|---|---|---|---|---|---|---|
| MACL | MACL | 02/09/2020 | 350.00 | 741.642 | RRC000052 | 02/09/2020 | Hindi Books |









